Civil service reform in the states : personnel policy and politics at the subnational level /

Bibliographic Details
Other Authors: Kellough, J. Edward, Nigro, Lloyd G.
Format: Book
Language:English
Published: Albany : State University of New York Press, [2006]
Series:SUNY series in public administration.
Subjects:
Online Access:Table of contents

MARC

Tag First Indicator Second Indicator Subfields
LEADER 00000pam a22000004a 4500
001 in00002109369
005 20151103050657.0
008 050128s2006 nyua b 001 0 eng
010 |a  2005002757 
020 |a 0791466272 (alk. paper) 
024 3 |a 9780791466278 
035 |a (OCoLC)ocm57557405 
040 |a DLC  |c DLC  |d YDX  |d UtOrBLW 
042 |a pcc 
043 |a n-us--- 
049 |a TXAM 
050 0 0 |a JK2465  |b .C58 2006 
082 0 0 |a 352.6/2367213/0973  |2 22 
245 0 0 |a Civil service reform in the states :  |b personnel policy and politics at the subnational level /  |c edited by J. Edward Kellough and Lloyd G. Nigro. 
264 1 |a Albany :  |b State University of New York Press,  |c [2006] 
264 4 |c ©2006 
300 |a vi, 336 pages :  |b illustrations ;  |c 24 cm. 
336 |a text  |b txt  |2 rdacontent 
337 |a unmediated  |b n  |2 rdamedia 
338 |a volume  |b nc  |2 rdacarrier 
490 1 |a SUNY series in public administration 
504 |a Includes bibliographical references and index. 
650 0 |a Civil service reform  |z United States  |x States. 
700 1 |a Kellough, J. Edward. 
700 1 |a Nigro, Lloyd G. 
830 0 |a SUNY series in public administration. 
856 4 1 |3 Table of contents  |u http://www.loc.gov/catdir/toc/ecip057/2005002757.html  |t 0 
945 |i PromptCat 
947 |a A14832761427 
994 |a 92  |b TXA 
948 |a cataloged  |b h  |c 2006/3/1  |d c  |e rbarron  |f 3:59:07 pm 
999 |a MARS 
999 f f |s 247d861c-ec46-38bf-a62c-c5258311c9b8  |i 19f6857a-f9a1-3d0c-b4a6-468350a020a9  |t 0 
952 f f |p ric  |a Texas A&M University  |b Rellis Campus  |c Joint Library Facility  |d Remote Storage  |t 0  |e JK2465 .C58 2006  |h Library of Congress classification  |i unmediated -- volume  |m A14832761427 
998 f f |a JK2465 .C58 2006  |t 0  |l Remote Storage